Problems in operations research : (Record no. 1137)
[ view plain ]
| 000 -LEADER | |
|---|---|
| fixed length control field | 00574nam a22001937a 4500 |
| 003 - CONTROL NUMBER IDENTIFIER | |
| control field | BD-DhJNU |
| 005 - DATE AND TIME OF LATEST TRANSACTION | |
| control field | 20250122030421.0 |
| 008 - FIXED-LENGTH DATA ELEMENTS--GENERAL INFORMATION | |
| fixed length control field | 250122b |||||||| |||| 00| 0 eng d |
| 020 ## - INTERNATIONAL STANDARD BOOK NUMBER | |
| International Standard Book Number | 8121909686 |
| 040 ## - CATALOGING SOURCE | |
| Original cataloging agency | BD-DhJNU |
| Language of cataloging | ENG |
| Transcribing agency | BD-DhJNU |
| Modifying agency | BD-DhJNU |
| 082 ## - DEWEY DECIMAL CLASSIFICATION NUMBER | |
| Edition number | 23 |
| Classification number | 003 |
| 100 ## - MAIN ENTRY--PERSONAL NAME | |
| Personal name | Gupta,Prem Kumar |
| 245 ## - TITLE STATEMENT | |
| Title | Problems in operations research : |
| Remainder of title | principles and solutions / |
| Statement of responsibility, etc. | Prem Kumar Gupta and D.S. Hira |
| 260 ## - PUBLICATION, DISTRIBUTION, ETC. | |
| Place of publication, distribution, etc. | New Delhi : |
| Name of publisher, distributor, etc. | S.Chand, |
| Date of publication, distribution, etc. | 2003. |
| 300 ## - PHYSICAL DESCRIPTION | |
| Extent | xi, 1171 p. : |
| Other physical details | ill. ; |
| Dimensions | 25 cm. |
| 650 ## - SUBJECT ADDED ENTRY--TOPICAL TERM | |
| Topical term or geographic name entry element | Programming |
| 700 ## - ADDED ENTRY--PERSONAL NAME | |
| Personal name | Hira,D.S |
| 942 ## - ADDED ENTRY ELEMENTS (KOHA) | |
| Source of classification or shelving scheme | Dewey Decimal Classification |
| Koha item type | Books |
| Suppress in OPAC | No |
| Withdrawn status | Lost status | Source of classification or shelving scheme | Damaged status | Not for loan | Collection | Home library | Current library | Shelving location | Date acquired | Source of acquisition | Total checkouts | Full call number | Barcode | Date last seen | Copy number | Price effective from | Koha item type |
|---|---|---|---|---|---|---|---|---|---|---|---|---|---|---|---|---|---|
| Dewey Decimal Classification | Non-fiction | Jagannath University Central Library | Jagannath University Central Library | General stacks | 01/22/2025 | Purchased | 003 GUP | JNUCL18358 | 01/22/2025 | 1 | 01/22/2025 | Books | |||||
| Dewey Decimal Classification | Non-fiction | Jagannath University Central Library | Jagannath University Central Library | General stacks | 01/22/2025 | Purchased | 003 GUP | JNUCL17059 | 01/22/2025 | 2 | 01/22/2025 | Books |